| 000 | 00618nam a2200241Ia 4500 | ||
|---|---|---|---|
| 003 | OSt | ||
| 005 | 20221006151519.0 | ||
| 006 | a|||||r|||| 00| 0 | ||
| 007 | ta | ||
| 008 | 221006b |||||||| |||| 00| 0 chi d | ||
| 024 | _a22,397 | ||
| 037 |
_bGift, _cTextual |
||
| 040 |
_aEASL _cEASL _bchi |
||
| 041 |
_2chi _achi |
||
| 082 | _aP(1).41, N2 | ||
| 245 | 0 |
_aWenhua shenghuo xiao bai ke _b Shufa |
|
| 260 |
_aShanghai _bShanghai Eishu Chubanshe _c1992 |
||
| 300 |
_a276p. _ccm. |
||
| 490 | _v CL | ||
| 650 |
_aCL _9642733 |
||
| 942 |
_hP(1).41, N2 _cTEXL _2CC |
||
| 999 |
_c1090483 _d1090483 |
||